000 00597nam a22002057a 4500
999 _c6284
_d6284
003 AR-CdUCM
008 190314b ||||| |||| 00| 0 spa d
040 _aMUNICIPALIDAD PROVINCIAL DEL CUSCO
_cBIBLIOTECA MUNICIPAL DEL CUSCO
082 _a869.56 /
_bZ87
100 _aZorrilla, Andrés
_918043
245 _aCapullo de Ensueño /
260 _aLima :
_bSan Pablo ;
_c1990.
300 _a72 páginas ;
_c21cm
505 _aContenido: Poesía
650 _aPoesía peruana
_911982
650 _aLiteratura peruana
_97175
710 _aCONCYTEC
_92809
942 _2ddc
_cLIBROS
945 _anom